00328nam a22001337a 4500003000400000008004100004020001800045082001600063100002400079245004200103250001600145260002500161300000800186OSt250129b |||||||| |||| 00| 0 eng d a9789355324900 a0004.6bFOC aFOROUZAN, Behrouz A aComputer Networks A Top Down Approach a2nd Reprint aNew DelhibTMHc2023 a931